000 01577nam a2200313 i 4500
003 DO-SdBNP
005 20250721093419.0
007 ta
008 250721b2014 dr ao||c |||| 00| 0 spa d
020 _a9789945497212
040 _aDO-SdBNP
_bspa
_cBNPHU
_erda
041 _aspa
082 _axxx
_bC822
_222
100 1 _aCoronado, Dinorah
_eautora
_4aut.
_934652
245 1 3 _aEl aviador :
_bla historia de Zoilo Hermógenes García /
_cDinorah Coronado, Ruth Herrera
264 _aSanto Domingo :
_bEditorial Santillana,
_c2014.
300 _a118 páginas ;
_bilustraciones, fotografías ;
_c20 cm.
336 _atexto
_btxt
_2rdacontent
337 _asin mediación
_bn
_2rdamedia
338 _avolumen
_bnc
_2rdacarrier
490 1 _aAlfaguara juvenil
500 _aIncluye datos biografícos de las autoras en las páginas 119-121.
511 _aA partir de 12 años
520 _a¿Quién fue Zoilo Hermógenes García? El primer aviador dominicano. Nació en La Vega, en 1881, y desde pequeño sintió pasión por las ciencias y los inventos. Su deseo de ampliar sus conocimientos lo llevó hasta Francia donde estudió ingeniería civil y mecánica. Cuando regresó a República Dominicana, se dedicó a hacer realidad su mayor sueño: diseñar y construir una máquina voladora que él mismo iba a pilotar. La llamó el "Poliplano" y su vuelo de 1911, realizado en Estados Unidos, marcó el inicio de la aviación dominicana.
590 _aInventariado, 2025/ YL
700 1 _aHerrera, Ruth
_eautora
_4aut.
_930238
910 _aYLockward
942 _2ddc
_cLBS1
999 _c58738
_d58738